000 01732nab a2200289 a 4500
005 20210219162445.0
008 991125s1985 mx 000 0 spa u
035 _aUPN01000204395
049 _aART-E
100 1 _aAzorín Abellán, Cecilia María
222 0 _aENSAYOS :
_bREVISTA DE LA FACULTAD DE EDUCACION DE ALBACETE
245 0 0 _aActitudes del profesorado hacia la coeducación: claves para una educación inclusiva
260 _aEspaña
300 _a159-174
362 0 _a2014 Vol. 29, no. 2
520 3 _aEl propósito de este trabajo es conocer las actitudes del profesorado hacia la coeducación desde la perspectiva sociocultural, personal y relacional del ser humano. Para ello, se ha llevado a cabo un estudio de casos en el que han participado 115 profesores/as de tres Centros de Educación Infantil y Primaria y un Centro de Educación Secundaria de la Región de Murcia. Asimismo, se ha utilizado la Escala de Actitudes del Profesorado hacia la Coeducación (Rebollo et al., 2011) para la obtención de información. Los resultados denotan una buena predisposición por parte del colectivo docente en cuanto a la implementación de la coeducación en sus aulas de referencia aunque se perciben diferencias según sexo. A tenor de lo expuesto se concluye esbozando algunas claves para el desarrollo de una educación inclusiva e igualitaria. 
653 0 _aEDUCACION INCLUSIVA
653 0 _aCOEDUCACION
653 0 _aIGUALDAD DE GENERO
653 0 _aACTITUDES DOCENTES
856 4 _uhttp://dialnet.unirioja.es/ejemplar/383685
905 _aArticulo
336 _atexto$2rdacontent
337 _acomputadora$2rdamedia
338 _arecurso en linea$2rdacarrier
999 _c176496
_d176496